New labour and the civil service : reconstituting the Westminster model (Record no. 21401)

MARC details
000 -LEADER
fixed length control field 00870nam a2200241Ia 4500
008 - FIXED-LENGTH DATA ELEMENTS--GENERAL INFORMATION
fixed length control field 191130s2008##################000#0#eng##
020 ## - INTERNATIONAL STANDARD BOOK NUMBER
International Standard Book Number 9781403993809
022 ## - INTERNATIONAL STANDARD SERIAL NUMBER
International Standard Serial Number 2007052295
040 ## - CATALOGING SOURCE
Original cataloging agency ACL
Transcribing agency ACL
082 ## - DEWEY DECIMAL CLASSIFICATION NUMBER
Classification number 351.4109049 RIC
100 ## - MAIN ENTRY--PERSONAL NAME
Personal name Richards, David
245 ## - TITLE STATEMENT
Title New labour and the civil service : reconstituting the Westminster model
Statement of responsibility, etc. David Richards
260 ## - PUBLICATION, DISTRIBUTION, ETC.
Place of publication, distribution, etc. Houndmills, Basingstoke, Hampshire ; New York
Name of publisher, distributor, etc. Palgrave Macmillan
Date of publication, distribution, etc. 2008
300 ## - PHYSICAL DESCRIPTION
Extent xii, 272 p. : ill. ; 23 cm
500 ## - GENERAL NOTE
General note Includes bibliographical references (p. 243-260) and index
650 ## - SUBJECT ADDED ENTRY--TOPICAL TERM
Topical term or geographic name entry element Civil service - Great Britain
Topical term or geographic name entry element Civil service reform - Great Britain
Topical term or geographic name entry element Great Britain - Politics and government - 1997-2007
Topical term or geographic name entry element Labour Party (Great Britain)
990 ## - EQUIVALENCES OR CROSS-REFERENCES [LOCAL, CANADA]
Link information for 9XX fields 25d76714ac10000c43fc90e54536d997
991 ## -
-- 47744
Holdings
Withdrawn status Lost status Damaged status Not for loan Home library Current library Shelving location Date acquired Total Checkouts Full call number Barcode Date last seen Price effective from Koha item type
        Anna Centenary Library Anna Centenary Library 4TH FLOOR, A WING 09.10.2020   351.4109049 RIC 308851 09.10.2020 09.10.2020 English Books

Find us on the map